| 000 | 01053cam a2200265 i 4500 | ||
|---|---|---|---|
| 999 |
_c10602 _d10602 |
||
| 003 | OSt | ||
| 005 | 20220408164041.0 | ||
| 008 | 141030s2015 nyu b 001 0 eng | ||
| 010 | _a 2014026912 | ||
| 020 | _a9780415814423 (pbk.) | ||
| 040 |
_aDLC _beng _cDLC _erda _dDLC |
||
| 042 | _apcc | ||
| 043 | _aa-cc--- | ||
| 082 | 0 | 0 |
_a307.1/2160951 _223 |
| 100 | 1 | _aWu, Fulong. | |
| 245 | 1 | 0 |
_aPlanning for growth : _burban and regional planning in China / _cFulong Wu. |
| 300 |
_axviii, 229 pages ; _c24 cm. |
||
| 490 | 0 | _aThe RTPI library series | |
| 504 | _aIncludes bibliographical references (pages 213-224) and index. | ||
| 505 | 0 | _aChina's planning origin and tradition -- Planning during socialism and its legacies -- The Chinese planning system -- Planning under urban entrepreneurialism -- National and regional planning -- New practices : new towns and eco-cities planning -- Planning during market transition. | |
| 650 | 0 |
_aCity planning _zChina. |
|
| 650 | 0 |
_aRegional planning _zChina. |
|
| 650 | 0 |
_aUrban policy _zChina. |
|
| 942 | _2ddc | ||